| 000 | 00547nam a22001937a 4500 | ||
|---|---|---|---|
| 003 | ISuru | ||
| 005 | 20140310182812.0 | ||
| 008 | 130222t xxu||||| |||| 00| 0 eng d | ||
| 020 | _a8125905294 | ||
| 050 |
_aHF 5549.5 _b.Sa181 2000 |
||
| 100 | _aSaluja, Madan | ||
| 245 |
_aHuman relations : _ba practical guide for improving inter-personal skills / _cMadan Saluja. |
||
| 250 | _a2nd ed. | ||
| 260 |
_a(New Delhi) : _bVikas, _c2000. |
||
| 300 |
_axx,182,[2] p. : _bill. ; _c22 cm. |
||
| 521 | _aPSYCH | ||
| 942 |
_2lcc _cBK _kFOR |
||
| 999 |
_c16188 _d16188 |
||